| 000 | 00921nas a2200301 4500 | ||
|---|---|---|---|
| 001 | BR9601387 | ||
| 003 | BR-BrBNA | ||
| 005 | 20231205095711.0 | ||
| 007 | ta | ||
| 008 | 230509b bl.|||p| |||| 00| 00por d | ||
| 040 |
_aBR-BrBNA _bpor _cBiblioteca Nacional de Agricultura |
||
| 041 | _a(Pt) | ||
| 072 | _aF01 | ||
| 100 | 1 | _aDornelles, A.L.C. | |
| 100 | 1 | _aCarvalho, F.I.F. de | |
| 100 | 1 | _aFederizzi, L.C. | |
| 100 | 1 | _aTavares, M.J.C. de M.S. | |
| 100 | 1 | _aAmaral, A. | |
| 100 | 1 | _aLanglois, P. | |
| 245 | 1 | _aO uso de acido giberelico em solucao nutritiva na avaliacao precoce de estatura de genotipos de trigo hexaploide | |
| 650 | _aTrigo | ||
| 650 | _aGenotipo | ||
| 650 | _aAcido Giberelico | ||
| 650 | _aSolucao Nutritiva | ||
| 773 | 0 |
_tCiencia Rural (Brazil) _xISSN 0103-8478 _g(Sep-Dec 1995), v. 25(3) p. 363-366 _wBR9601387 |
|
| 909 |
_a202311 _bLúcia _c55 _dLúcia Elande |
||
| 942 |
_2AGRIS _n0 _cANA |
||
| 999 |
_c152227 _d152227 |
||